| 000 | 00661nam a2200229Ia 4500 | ||
|---|---|---|---|
| 003 | OSt | ||
| 005 | 20250702133621.0 | ||
| 008 | 191128t2011 ck er 000 p spa d | ||
| 020 | _a97895897107357 | ||
| 040 |
_aCO-JMCR _cCO-JMCR |
||
| 041 | _aspa | ||
| 082 | 0 | 4 |
_aJ-P _bGOMn |
| 100 | 1 |
_aGómez, Eduardo _eautor _9956 |
|
| 245 | 1 | 0 |
_aLa noche casi aurora / _cEduardo Gómez |
| 250 | _aPrimera edición | ||
| 260 |
_aBogotá _bUniversidad Externado de Colombia, _c©2011 |
||
| 300 |
_a67 páginas ; _c10 cm. |
||
| 490 | _aUn libro por un centavos | ||
| 500 | _aIncluye datos biográficos del autor página 67. | ||
| 650 | 1 | 4 |
_aPoesía _99175 |
| 942 |
_2ddc _cBK |
||
| 999 |
_c3475 _d3475 |
||